| 000 | 01168nam a22003017a 4500 | ||
|---|---|---|---|
| 005 | 20240530110510.0 | ||
| 008 | 151031s2010 ua a g 000 0 ara d | ||
| 017 |
_a2010/43837 _bمصر . دار الكتب المصرية |
||
| 040 | _aEG-CaGPL | ||
| 082 | 0 | 4 |
_221 _a923.1\ _bح س |
| 100 | 0 | _aحمدى الكنيسى . | |
| 245 | 1 | 2 |
_aالسلطة و طول العمر/ _cحمدى الكنيسى . |
| 250 | _aط1. | ||
| 260 |
_aالقاهرة : _bمكتبة جزيرة الورد ، _c2010 . |
||
| 300 |
_a230 ص ؛ _c24 سم . |
||
| 600 | 0 | 4 | _aحسنى مبارك . |
| 600 | 0 | 4 |
_aعلى عبدالله صالح _tرئيس اليمن . |
| 600 | 0 | 4 | _aمعمر القذافى . |
| 600 | 0 | 4 |
_aعبدالله بن عبدالعزيز _tملك السعودية . |
| 650 | 0 | 4 | _aرؤساء الدول . |
| 650 | 0 | 4 | _aالسلطة التنفيذية . |
| 651 | 0 | 4 |
_aمصر _xرؤساء الجمهوريه . |
| 651 | 0 | 4 |
_aاليمن _xرؤساء الجمهورية . |
| 651 | 0 | 4 |
_aليبيا _xرؤساء الجمهورية . |
| 651 | 0 | 4 |
_aالسعودية _xالملوك و الحكام . |
| 942 |
_2ddc _cBK |
||
| 999 |
_c61665 _d61665 |
||